Bramkarze Interu Mediolan w XXI wieku - Statystyki

Ogólne statystyki
  • Ten quiz został rozwiązany 139 razy
    23 od ostatniego zresetowania
  • Średni wynik to 6 z 18
Statystyki odpowiedzi
Lata gry Narodowość Nazwisko % Poprawnych
2023- Szwajcaria Yann Sommer
100%
2012-2023 Słowenia Samir Handanovic
96%
2022-2023 Kamerun André Onana
91%
2005-2012 Brazylia Júlio César
65%
2001-2010 Włochy Francesco Toldo
52%
2024- Hiszpania Josep Martínez
39%
2015-2017 2020-2022 Rumunia Ionuț Andrei Radu
35%
2023-2024 Indonezja Emil Audero
22%
1998-2001 Francja Sébastien Frey
17%
2004-2007 Urugwaj Fabián Carini
13%
2017-2021 Włochy Daniele Padelli
9%
2013-2017 Argentyna Juan Pablo Carrizo
9%
2005-2012 Włochy Paolo Orlandoni
9%
2023- Włochy Raffaele Di Gennaro
9%
2001-2005 Włochy Alberto Fontana
4%
2021-2023 Włochy Alex Cordaz
4%
2010-2014 Włochy Luca Castellazzi
4%
2000-2001 Włochy Marco Ballotta
0%
Nie znaleziono quizów pasujących do podanych kryteriów
Rozkład punktacji
Procent ludzi z każdym wynikiem
Percentyl według liczby udzielonych odpowiedzi
Twoja historia wyników
Nie rozwiązałeś tego quizu od ostatniego zresetowania